Pokémon - Les Légendes - Statistiques

Statistiques générales
  • Ce quiz a été pris 73 fois
  • Le résultat moyen est 60 sur 105
Statistiques - réponses
Type de quiz Génération Statut Pokédex Pokémon % Correct
Psy 1 Fabuleux 0151 Mew
94%
Glace/Vol Psy/Vol 1 Légendaire 0144 Artikodin
92%
Feu/Vol Ténèbres/Vol 1 Légendaire 0146 Sulfura
92%
Psy Psy/Combat 1 Légendaire 0150 Mewtwo
90%
Psy/Vol 2 Légendaire 0249 Lugia
88%
Sol Sol/Feu 3 Légendaire 0383 Groudon
87%
Eau 3 Légendaire 0382 Kyogre
85%
Dragon/Vol 3 Légendaire 0384 Rayquaza
85%
Eau 2 Légendaire 0245 Suicune
85%
Acier/Dragon 4 Légendaire 0483 Dialga
83%
Eau/Dragon 4 Légendaire 0484 Palkia
83%
Normal 4 Fabuleux 0493 Arceus
81%
Feu 2 Légendaire 0244 Entei
81%
Feu/Vol 2 Légendaire 0250 Ho-Oh
81%
Glace 3 Légendaire 0378 Regice
81%
Acier 3 Légendaire 0379 Registeel
81%
Électrik/Vol Combat/Vol 1 Légendaire 0145 Électhor
79%
Électrik 2 Légendaire 0243 Raikou
79%
Roche 3 Légendaire 0377 Regirock
79%
Psy 4 Légendaire 0482 Créfadet
77%
Psy 4 Légendaire 0481 Créfollet
77%
Psy 4 Légendaire 0480 Créhelf
77%
Dragon/Psy 3 Légendaire 0380 Latias
77%
Dragon/Psy 3 Légendaire 0381 Latios
77%
Fée 6 Légendaire 0716 Xerneas
77%
Ténèbres 4 Fabuleux 0491 Darkrai
75%
Dragon/Feu 5 Légendaire 0643 Reshiram
75%
Ténèbres/Vol 6 Légendaire 0717 Yveltal
75%
Dragon/Électrik 5 Légendaire 0644 Zekrom
75%
Psy/Plante 2 Fabuleux 0251 Celebi
73%
Spectre/Dragon 4 Légendaire 0487 Giratina
73%
Feu/Acier 4 Légendaire 0485 Heatran
73%
Psy/Acier 7 Légendaire 0791 Solgaleo
73%
Psy 4 Légendaire 0488 Cresselia
71%
Sol/Vol 5 Légendaire 0645 Démétéros
71%
Dragon/Glace 5 Légendaire 0646 Kyurem
71%
Normal 4 Légendaire 0486 Regigigas
71%
Roche/Combat 5 Légendaire 0639 Terrakium
71%
Psy/Feu 5 Fabuleux 0494 Victini
71%
Psy/Spectre 7 Légendaire 0792 Lunala
69%
Plante Plante/Vol 4 Fabuleux 0492 Shaymin
69%
Plante/Combat 5 Légendaire 0640 Viridium
69%
Psy 3 Fabuleux 0386 Deoxys
67%
Électrik/Vol 5 Légendaire 0642 Fulguris
67%
Dragon/Sol 6 Légendaire 0718 Zygarde
67%
Acier/Combat 5 Légendaire 0638 Cobaltium
65%
Acier/Psy 3 Fabuleux 0385 Jirachi
65%
Eau 4 Fabuleux 0490 Manaphy
65%
Eau 4 Fabuleux 0489 Phione
65%
Vol 5 Légendaire 0641 Boréas
63%
Eau/Combat 5 Fabuleux 0647 Keldeo
60%
Psy/Spectre 6 Fabuleux 0720 Hoopa
58%
Normal/Psy 5 Fabuleux 0648 Meloetta
58%
Insecte/Acier 5 Fabuleux 0649 Genesect
56%
Eau/Fée 7 Légendaire 0788 Tokopisco
56%
Plante/Fée 7 Légendaire 0787 Tokotoro
56%
Roche/Fée 6 Fabuleux 0719 Diancie
54%
Psy Psy/Acier Psy/Spectre Psy/Dragon 7 Légendaire 0800 Necrozma
52%
Électrik/Fée 7 Légendaire 0785 Tokorico
52%
Feu/Eau 6 Fabuleux 0721 Volcanion
52%
Psy/Fée 7 Légendaire 0786 Tokopiyon
50%
Fée Fée/Acier 8 Légendaire 0888 Zacian
50%
Combat Combat/Acier 8 Légendaire 0889 Zamazenta
50%
Poison/Dragon 8 Légendaire 0890 Éthernatos
48%
Psy 7 Légendaire 0789 Cosmog
46%
Électrik/Dragon 9 Légendaire 1008 Miraidon
46%
Dragon 8 Légendaire 0895 Regidrago
44%
Normal 7 Légendaire 0773 Silvallié
44%
Normal 7 Légendaire 0772 Type:0
44%
Psy 7 Légendaire 0790 Cosmovum
42%
Combat/Dragon 9 Légendaire 1007 Koraidon
42%
Acier/Fée 7 Fabuleux 0801 Magearna
42%
Électrik 8 Légendaire 0894 Regieleki
42%
Électrik 7 Fabuleux 0807 Zeraora
42%
Plante/Acier 7 Ultra-Chimère 0798 Katagami
40%
Insecte/Combat 7 Ultra-Chimère 0794 Mouscoto
40%
Roche/Poison 7 Ultra-Chimère 0793 Zéroïd
40%
Combat/Spectre 7 Fabuleux 0802 Marshadow
38%
Combat/Ténèbres Combat/Eau 8 Légendaire 0892 Shifours
38%
Acier/Vol 7 Ultra-Chimère 0797 Bamboiselle
37%
Ténèbres/Glace 9 Légendaire 1002 Baojian
37%
Électrik 7 Ultra-Chimère 0796 Câblifère
37%
Ténèbres/Dragon 7 Ultra-Chimère 0799 Engloutyran
37%
Ténèbres/Plante 8 Fabuleux 0893 Zarude
37%
Fée/Vol 8 Légendaire 0905 Amovénus
35%
Ténèbres/Sol 9 Légendaire 1003 Dinglu
35%
Glace 8 Légendaire 0896 Blizzeval
33%
Acier 7 Fabuleux 0809 Melmetal
33%
Acier 7 Fabuleux 0808 Meltan
33%
Spectre 8 Légendaire 0897 Spectreval
33%
Normal Stellaire 9 Légendaire 1024 Terapagos
33%
Insecte/Combat 7 Ultra-Chimère 0795 Cancrelove
31%
Ténèbres/Feu 9 Légendaire 1004 Yuyu
31%
Roche/Acier 7 Ultra-Chimère 0805 Ama-Ama
29%
Poison/Dragon 7 Ultra-Chimère 0804 Mandrillon
29%
Feu/Spectre 7 Ultra-Chimère 0806 Pierroteknik
29%
Psy/Plante Psy/Glace Psy/Spectre 8 Légendaire 0898 Sylveroy
29%
Plante Plante/Eau Plante/Feu Plante/Roche 9 Légendaire 1017 Ogerpon
27%
Poison 7 Ultra-Chimère 0803 Vémini
27%
Combat 8 Légendaire 0891 Wushours
27%
Ténèbres/Plante 9 Légendaire 1001 Chongjian
23%
Poison/Fée 9 Légendaire 1016 Favianos
21%
Poison/Combat 9 Légendaire 1014 Félicanis
21%
Poison/Psy 9 Légendaire 1015 Fortusimia
19%
Poison/Spectre 9 Fabuleux 1025 Pêchaminus
17%
Aucun quiz correspondant
Distribution des résultats
% des personnes avec chaque résultat
Percentile par nombre de réponses
Votre historique - résultats
Vous n’avez pas pris ce quiz